000 00702nam a2200205Ia 4500
001 11378
003 GE_BSU
008 181216s||||||||xx |||||||||||||| ||und||
040 _cGE_BSU
080 _a631.5/9(075.8)
100 _aგ. ცაგურიშვილი, გ. ქეშელაშვილი, შ. მთვარელიშვილი და სხვ.
245 _aმიწათმოქმედება
245 _cრედ: გ. ცაგურიშვილი
260 _aთბილისი.
260 _bგანათლება.
260 _c1990
300 _a400გვ.22სმ.
653 _aმიწათმოქმედება
942 _cBK
999 _c44575
_d44575